API design for C++ / (Record no. 136)

MARC details
000 -LEADER
fixed length control field 01767cam a22003254a 4500
001 - CONTROL NUMBER
control field 16493490
005 - DATE AND TIME OF LATEST TRANSACTION
control field 20250224105811.0
008 - FIXED-LENGTH DATA ELEMENTS--GENERAL INFORMATION
fixed length control field 101007s2011 maua b 001 0 eng
010 ## - LIBRARY OF CONGRESS CONTROL NUMBER
LC control number 2010039601
020 ## - INTERNATIONAL STANDARD BOOK NUMBER
International Standard Book Number 9780123850034 (pbk.)
020 ## - INTERNATIONAL STANDARD BOOK NUMBER
International Standard Book Number 0123850037 (pbk.)
035 ## - SYSTEM CONTROL NUMBER
System control number (OCoLC)ocn666246330
040 ## - CATALOGING SOURCE
Original cataloging agency DLC
Transcribing agency DLC
Modifying agency YDX
-- BTCTA
-- YDXCP
-- NLGGC
-- CDX
-- DLC
042 ## - AUTHENTICATION CODE
Authentication code pcc
050 00 - LIBRARY OF CONGRESS CALL NUMBER
Classification number QA76.76.A63
Item number R43 2011
082 00 - DEWEY DECIMAL CLASSIFICATION NUMBER
Classification number 005.13/3
Edition information 22
084 ## - OTHER CLASSIFICATION NUMBER
Classification number 54.53
Number source bcl
100 1# - MAIN ENTRY--PERSONAL NAME
Personal name Reddy, Martin.
9 (RLIN) 527
245 10 - TITLE STATEMENT
Title API design for C++ /
Statement of responsibility, etc. Martin Reddy.
260 ## - PUBLICATION, DISTRIBUTION, ETC.
Place of publication, distribution, etc. Burlington, MA :
Name of publisher, distributor, etc. Morgan Kaufmann,
Date of publication, distribution, etc. c2011.
300 ## - PHYSICAL DESCRIPTION
Extent xxv, 441 p. :
Other physical details ill. ;
Dimensions 24 cm.
504 ## - BIBLIOGRAPHY, ETC. NOTE
Bibliography, etc. note Includes bibliographical references and index.
500 ## - GENERAL NOTE
General note Machine generated contents note: IntroductionChapter 1: QualitiesChapter 2: PatternsChapter 3: DesignChapter 4: StylesChapter 5: C++ UsageChapter 6: PerformanceChapter 7: VersioningChapter 8: DocumentationChapter 9: TestingChapter 10: ScriptingChapter 11: ExtensibilityAppendix A: LibrariesBibliographyIndex.
505 8# - FORMATTED CONTENTS NOTE
Formatted contents note Machine generated contents note: IntroductionChapter 1: QualitiesChapter 2: PatternsChapter 3: DesignChapter 4: StylesChapter 5: C++ UsageChapter 6: PerformanceChapter 7: VersioningChapter 8: DocumentationChapter 9: TestingChapter 10: ScriptingChapter 11: ExtensibilityAppendix A: LibrariesBibliographyIndex.
650 #0 - SUBJECT ADDED ENTRY--TOPICAL TERM
Topical term or geographic name entry element Application program interfaces (Computer software)
9 (RLIN) 528
650 #0 - SUBJECT ADDED ENTRY--TOPICAL TERM
Topical term or geographic name entry element C++ (Computer program language)
9 (RLIN) 162
906 ## - LOCAL DATA ELEMENT F, LDF (RLIN)
a 7
b cbc
c orignew
d 1
e ecip
f 20
g y-gencatlg
925 0# -
-- acquire
-- 2 shelf copies
-- policy default
955 ## - COPY-LEVEL INFORMATION (RLIN)
-- rd14 2010-10-12
-- xj08 2011-06-09 Z-CipVer to BCCD
Holdings
Withdrawn status Lost status Source of classification or shelving scheme Damaged status Not for loan Home library Current library Date acquired Source of acquisition Cost, normal purchase price Total checkouts Full call number Barcode Date last seen Price effective from Koha item type
    Dewey Decimal Classification     KCST Library KCST Library 20/11/2019 Unknown 0.00   005.133 Re Ap 1000000311 20/11/2019 20/11/2019 Book
© 2025 KCST. All rights reserved